[Event "Millennium CG Exclusive - Tasc R30 V2.5"]
[Site "Wien"]
[Date "2021.03.31"]
[Round "1"]
[White "Millennium CG Exclusive"]
[Black "Tasc R30 V2.5, aktiv"]
[Result "1/2-1/2"]
[WhiteElo "2402"]
[BlackElo "2335"]
[PlyCount "63"]
[EventDate "2021.??.??"]

1. e4 d5 2. exd5 Qxd5 {Buchende Tasc} 3. Nf3 e5 4. Nc3 {Buchende Genius} Qe6 5.
Bb5+ c6 6. Ba4 Qg6 7. Bb3 e4 8. Qe2 Nf6 9. O-O Bh3 10. Bxf7+ Qxf7 11. gxh3 Qg6+
12. Kh1 Nbd7 13. d3 Bb4 14. Nxe4 O-O 15. a3 Nxe4 16. axb4 Nd6 17. Nd4 Nf5 18.
Nb3 Rfe8 19. Qg4 Qf7 20. Ra5 Ne5 21. Qf4 b5 22. Nc5 Rad8 23. b3 h6 24. Ne4 g5
25. Rg1 Kf8 26. Qd2 Nf3 27. Qc3 Nxg1 28. Qh8+ Qg8 29. Qf6+ Qf7 30. Qh8+ Qg8 31.
Qf6+ Qf7 32. Qh8+ 1/2-1/2

[Event "Millennium CG Exclusive - Tasc R30 V2.5"]
[Site "Wien"]
[Date "2021.03.31"]
[Round "2"]
[White "Tasc R30 V2.5, aktiv"]
[Black "Millennium CG Exclusive"]
[Result "1-0"]
[WhiteElo "2335"]
[BlackElo "2402"]
[PlyCount "63"]
[EventDate "2021.??.??"]

1. e4 c5 2. Nf3 g6 3. d4 Bg7 4. dxc5 Na6 5. Bxa6 Qa5+ 6. Bd2 Qxa6 7. Nc3 Qc4 8.
Qe2 Qxc5 9. O-O-O Qc6 10. e5 a5 11. Rhe1 b6 12. Bf4 Ba6 13. Qd2 Bc4 14. Nd4 Qb7
15. b3 Ba6 16. Ndb5 Rc8 17. a4 Rc6 18. Kb1 h6 19. Nd5 Kf8 20. Ndc7 {
Stellungsbewertung Tasc +2,39, Genius sieht sich nach dem nächsten Zug Txc7
noch mit +0,84 voran, stürzt aber nach dem nächsten Zug ins Bodenlose ab.}
Rxc7 21. Nxc7 Qxc7 22. Qxd7 Qxd7 23. Rxd7 e6 24. Rd8+ Ke7 25. Red1 Nf6 26.
exf6+ Kxf6 27. Bc7 Kf5 28. R8d7 Rf8 29. Bxb6 Bc3 30. Ra7 Be2 31. Rdd7 f6 32.
Bxa5 {Hier breche ich diese Partie ab, sorry dass ich hier nicht zu ende
spiele, aber bei einer derart aussichtlosen Stellung für Schwarz kann man das
glaube ich verantworten.} 1-0

[Event "Millennium CG Exclusive - Tasc R30 V2.5"]
[Site "Wien"]
[Date "2021.03.31"]
[Round "3"]
[White "Millennium CG Exclusive"]
[Black "Tasc R30 V2.5, aktiv"]
[Result "0-1"]
[WhiteElo "2402"]
[BlackElo "2335"]
[PlyCount "76"]
[EventDate "2021.??.??"]

1. g3 d5 2. Bg2 e5 3. c4 dxc4 {Buchende Tasc} 4. Na3 {Buchende Genius} Bxa3 5.
Qa4+ Nc6 6. Bxc6+ bxc6 7. Qxa3 Ne7 8. Nf3 f6 9. O-O Qd6 10. Qc3 Bh3 11. Re1 e4
12. Nd4 Rb8 13. Nc2 c5 14. Qxc4 Qc6 15. b3 {Bei diesem Spielstand hat der Tasc
bisher hervorragend gepondert und hat einen riesigen Zeitvorsprung, der Tasc
hat hier erst 19 Minter verbraucht, der Genius bereits 49 Minuten !!} Be6 16.
Qc3 Nd5 17. Qa5 O-O 18. Ba3 Rb5 19. Qa4 Nb6 20. Qa6 Bc8 21. Qxa7 e3 22. Nd4
cxd4 23. Rec1 exf2+ 24. Kxf2 Rf5+ 25. Kg1 {Der Genius manövriert sich hier
mit der Dame in eine Falle und geht in weiterer Folge auch in dieser Runde
doch einigermassen überraschend ganz klar unter.} Rf1+ 26. Rxf1 Bh3 27. Rf2
Ra8 28. Qxa8+ Qxa8 {An dieser Stelle ist die Partie bereits gelaufen, der Tasc
hat hier Dame + Springer für 2 Türme und einen Bauern.} 29. Bc5 Qd5 30. Bxb6
cxb6 31. Rc1 Qa5 32. Rc2 Qa8 33. a4 Qf8 34. Ra2 Qc5 35. Ra1 Qc2 36. b4 Qb2 37.
Rd1 Qxb4 38. Rf4 Qxa4 {[%emt 0:00:01] Der Tasc verbucht 2 weitere
Bauerngewinne und erspielt gleichzeitig einen Freibauern, an dieser Stelle
kann man sich die Hinrichtung ohne schlechtes Gewissen ersparen, daher hier
Userentscheidung: 0 -} 0-1

[Event "Millennium CG Exclusive - Tasc R30 V2.5"]
[Site "Wien"]
[Date "2021.04.01"]
[Round "4"]
[White "Tasc R30 V2.5, aktiv"]
[Black "Millennium CG Exclusive"]
[Result "1-0"]
[WhiteElo "2335"]
[BlackElo "2402"]
[PlyCount "81"]
[EventDate "2021.??.??"]

1. d4 e6 2. e4 c5 3. d5 {Buchende Tasc} d6 4. Nc3 a6 {Buchende Genius} 5. Nf3
e5 6. Bd3 Be7 7. Be3 Nf6 8. a4 Ng4 9. Bd2 O-O 10. h3 Nf6 11. O-O Ne8 12. a5 b5
13. axb6 Qxb6 14. Qe2 f5 15. exf5 Bxf5 16. Bxf5 Rxf5 17. Qd3 Rf8 18. Ne4 Qb7
19. Bg5 h6 20. Bxe7 Qxe7 21. Nfd2 Nf6 22. Nxf6+ Rxf6 23. Ne4 Rf4 24. Rfe1 Qd8
25. Qg3 Kh7 26. h4 Ra7 27. h5 Rd7 28. Qg6+ Kh8 29. Ra3 Qc7 30. Rb3 Rf8 31. Ra1
Rc8 32. Rf3 Rcd8 33. Raa3 {Mit jedem weiteren Zug steigt hier kontinuierlich
der Druck, Stellungsbewertung Tasc Hier bereits +2,04 !!} Rg8 34. Rf5 Qd8 35.
Raf3 c4 36. Rf7 Rxf7 37. Rxf7 Nd7 38. Nxd6 Nf8 39. Rd7 Qxd7 40. Nf7+ Qxf7 41.
Qxf7 {Userentscheidung: 1--0 (Stellungsbewertung beider -6,00)} 1-0

[Event "Millennium CG Exclusive - Tasc R30 V2.5"]
[Site "Wien"]
[Date "2021.04.01"]
[Round "5"]
[White "Millennium CG Exclusive"]
[Black "Tasc R30 V2.5, aktiv"]
[Result "1-0"]
[WhiteElo "2402"]
[BlackElo "2335"]
[PlyCount "84"]
[EventDate "2021.??.??"]

1. d4 Nf6 2. g3 d5 3. Bg2 c6 4. Nf3 Bf5 {Buchende Tasc} 5. Nbd2 {Buchende
Genius} h6 6. Ne5 e6 7. O-O Nbd7 8. Nxd7 Qxd7 9. c4 O-O-O 10. b3 Bb4 11. Bb2
Kb8 12. a3 Bf8 13. b4 Be7 14. Rc1 h5 15. Nf3 Qc7 16. cxd5 exd5 17. b5 Qb6 18.
bxc6 Bd6 19. Bc3 Rde8 20. Ne5 {An dieser Stelle gehen die Meinungen weit
auseinander, der Genius bewertet hier mit +1,87, Tasc nur mit -0,18} Bxa3 21.
Ra1 Bb4 22. Bxb4 Qxb4 23. Qc1 {Genius +2,93} Ka8 {An dieser Stelle sieht der
Tasc das Unheil kommen, für diesen Zug nimmt er sich volle 14 Minuten Zeit
und kommt bei dieser komplizierten Stellung trotzdem nur auf eine Rechentiefe
von 7 Halbzügen und einer Bewertung von -2,92} 24. Nxf7 g6 25. cxb7+ Qxb7 26.
Nxh8 Rxh8 27. Ra5 Rc8 28. Qa3 Ne4 29. Ra1 Rc7 30. Qa2 Rd7 31. Bf3 Nf6 32. Ra6
Ne4 33. Qc2 Re7 34. Rxa7+ Qxa7 35. Rxa7+ Kxa7 36. Qa2+ Kb6 37. Qxd5 Kc7 38.
Bxh5 Nf6 39. Qc5+ Kd7 40. Qb5+ Ke6 41. Qe5+ Kf7 42. Qxf5 gxh5 {An dieser
Stelle erspare ich dem Tasc die Hinrichtung, Bewertung Endposition: Genius +6,
60 Tasc: -5,99} 1-0

[Event "Millennium CG Exclusive - Tasc R30 V2.5"]
[Site "Wien"]
[Date "2021.04.02"]
[Round "6"]
[White "Tasc R30 V2.5, aktiv"]
[Black "Millennium CG Exclusive"]
[Result "1/2-1/2"]
[WhiteElo "2335"]
[BlackElo "2402"]
[PlyCount "106"]
[EventDate "2021.??.??"]

1. e4 c5 2. Nf3 d6 3. d4 cxd4 4. Nxd4 Nf6 5. Nc3 a6 6. Be3 e6 7. f4 {Buchende
Tasc} Be7 8. Be2 Nc6 {Buchende Genius} 9. Nxc6 bxc6 10. e5 dxe5 11. Qxd8+ Bxd8
12. fxe5 Nd7 13. Ne4 O-O 14. O-O-O Bc7 15. Kb1 Bxe5 16. Nd6 Nf6 17. Nc4 Bc7 18.
Bc5 Re8 19. Bf3 Nd5 20. Nd6 Rd8 {An dieser Stelle ist der Tasc wieder einmal
Weltmeister im Pondern, er hat hier alles richtig vorausgesehen und hier erst
20 Minuten verbraucht, der Genius hingegen bereits 50 Minuten} 21. Nxc8 Raxc8
22. c4 Nf4 23. b4 Nd3 24. Be7 Rd7 25. Bxc6 Rxe7 26. Rxd3 Rb8 27. a3 g6 28. c5
Be5 29. Rhd1 Bxh2 30. Rd7 Rxd7 31. Rxd7 a5 32. Bb7 axb4 33. axb4 Kf8 34. c6 Ke8
35. b5 Rd8 36. Rxd8+ {Stellungsbewertung Tasc +2,14 / Genius -0,76} Kxd8 37. b6
Bd6 38. Kc2 {für diesen Zug nimmt sich er Tasc 10 Minuten Zeit und hat an
dieser Stelle seinen Zeitvorsprung wieder hergegeben, Bewertung +1,88} Be5 39.
Kd3 h5 40. Ba6 {Für diesen Zug stellt der Tasc meine Nerven echt auf die
Probe, es ist der 40. Zug und er entschliesst sich hier seine noch gesamte zur
Verfügung stehende Zeit aufzubrauchen und nimmt hier sage und schreibe 25
Minuten in Anspruch} Bb8 41. Bb5 h4 42. Kd4 g5 43. Be2 f5 44. Bc4 g4 {Im
letzten Augenblick verwirft hier der Genius den interessanten Zug 44. e5+.} 45.
Bxe6 h3 46. gxh3 gxh3 47. Bxf5 h2 48. Be4 Kc8 49. Ke3 Bd6 50. Ke2 Be5 51. Kf1
h1=Q+ 52. Bxh1 Bd4 53. b7+ Kc7 {Diese Endstellung bewertet der Tasc mit +3,56,
der Genius mit -1,95, in diesem Fall überstimme ich aber die Beiden und meine
Meinung ist 0,00 ! Oder kann da noch was sein ? Glaube nicht !} 1/2-1/2

[Event "Millennium CG Exclusive - Tasc R30 V2.5"]
[Site "Wien"]
[Date "2021.04.02"]
[Round "7"]
[White "Millennium CG Exclusive"]
[Black "Tasc R30 V2.5, aktiv"]
[Result "1/2-1/2"]
[WhiteElo "2402"]
[BlackElo "2335"]
[PlyCount "81"]
[EventDate "2021.??.??"]

1. Nf3 Nf6 2. d4 d5 3. c4 dxc4 4. e3 e6 5. Bxc4 c5 6. Qe2 a6 7. dxc5 Bxc5 {
Buchende Tasc} 8. e4 b5 9. Bb3 {Buchende Genius} Bb7 10. e5 Nfd7 11. Bf4 g5 12.
Nxg5 Rg8 13. Ne4 Nc6 14. Nbd2 Nd4 15. Qh5 Rxg2 16. Bd1 Bb4 17. Kf1 Rg6 18. Rg1
Nf5 19. Rxg6 hxg6 20. Qh8+ Bf8 21. Bg4 Qc7 22. Bxf5 O-O-O 23. Bg5 Be7 {[%emt 0:
00:12]} 24. Qh4 Bxg5 25. Nxg5 {final score} gxf5 26. Nxf7 Rf8 27. Nd6+ {+} Kb8
28. Qd4 {+} Nxe5 29. Qxe5 Rd8 {final score} 30. N2c4 bxc4 31. Nxc4 Qxe5 32.
Nxe5 Rh8 33. Ke2 Bd5 {Diese Stellung bewerten beider mit genau 0,00, sieht
sehr nach Remis aus.} 34. b3 Rxh2 35. Rc1 Rh4 36. Nd3 Re4+ 37. Kd2 Rh4 38. Ke3
Re4+ 39. Kd2 Rh4 40. Ke3 Re4+ 41. Kd2 1/2-1/2

[Event "Millennium CG Exclusive - Tasc R30 V2.5"]
[Site "Wien"]
[Date "????.??.??"]
[Round "8"]
[White "Tasc R30 V2.5, aktiv"]
[Black "Millennium CG Exclusive"]
[Result "0-1"]
[WhiteElo "2335"]
[BlackElo "2402"]
[PlyCount "106"]
[EventDate "2021.??.??"]

1. e4 c5 2. c3 d5 3. exd5 Qxd5 4. d4 e6 5. Nf3 Nf6 6. Na3 {Buchende Tasc} Be7
7. Nb5 Na6 {Buchende Genius} 8. Bd3 cxd4 9. cxd4 {An dieser Stelle finde ich
persönlich das Schlagen mit dem Bauern aus Strukturgründen nicht so gut, da
hier ein Isolani gebildet wird.} O-O 10. O-O Bd7 11. Re1 Bc6 12. Nc3 Qd6 13.
Ne5 Nb4 14. Bf4 Nxd3 15. Qxd3 Rfd8 16. Rad1 Nh5 17. Be3 Be8 18. Qe2 Nf6 19. Bg5
Nd5 20. Nc4 Qc7 21. Bxe7 {+} Qxe7 22. Rc1 Rac8 23. Ne5 Nf6 {final score +} 24.
Red1 {+} Qb4 25. a3 {final score +} Qb3 {+} 26. h3 h6 27. Nf3 Bd7 28. Ne5 Bc6 {
final score} 29. f3 Be8 30. g3 Nd5 31. Nxd5 Qxd5 32. Rxc8 Rxc8 33. Qe4 Qb5 34.
Rb1 Rd8 35. Qe3 Qb6 36. Rd1 {Hier entschliesst sich der Tasc den "schwachen
Isolani" zu verteidigen und gibt dafür den B-Bauern auf, ich hätte hier
lieber b4 gezogen.} Qxb2 37. Qd3 b6 {+} 38. Nc4 Qb5 39. Rd2 Qh5 40. Kh2 Bb5 41.
f4 Rc8 42. Rc2 f6 43. Rc3 Qf5 {mit diesem Zug entscheidet der Genius die
Partie endgültig.} 44. Qxf5 exf5 45. Nd6 Rxc3 46. Nxb5 Rc2+ 47. Kg1 Ra2 48.
Nxa7 Rxa3 49. Nc8 b5 50. d5 b4 51. d6 b3 52. d7 Ra1+ 53. Kf2 Rd1 0-1

[Event "Millennium CG Exclusive - Tasc R30 V2.5"]
[Site "Wien"]
[Date "????.??.??"]
[Round "9"]
[White "Millennium CG Exclusive"]
[Black "Tasc R30 V2.5, aktiv"]
[Result "1/2-1/2"]
[WhiteElo "2402"]
[BlackElo "2335"]
[PlyCount "174"]
[EventDate "2021.??.??"]

1. e4 Nf6 2. e5 Nd5 3. d4 d6 4. c4 Nb6 5. Nf3 Bg4 6. Be2 {Buchende Genius} dxe5
7. Nxe5 Bxe2 8. Kxe2 f6 9. Nf3 e5 10. dxe5 Nc6 11. Qxd8+ Rxd8 12. exf6 Nxc4 13.
b3 N4e5 14. Nxe5 Nxe5 15. Bg5 Rd6 16. fxg7 Bxg7 17. Nc3 Rg6 18. h4 h6 19. Bd2
O-O 20. Rag1 Re6 21. Be3 Ng4 22. Nd1 Rfe8 23. Kf3 Ne5+ 24. Kg3 Nd3 25. Rh3 Ra6
26. a4 c5 27. Kh2 Be5+ 28. Kh1 Rb6 29. Bxh6 Rxb3 30. Rf3 c4 31. Ne3 Rb4 32. a5
b5 33. axb6 axb6 34. Rf1 b5 35. Nd5 Rb2 {In dieser Position sehen sich beide
klar im Vorteil (Tasc +0,97 / Genius +1,00)} 36. Kg1 Re2 37. Bg5 Bg7 38. Be3 b4
{Die Meinungsverschiedenheit der beiden Kontrahenten wird hier immer grösser:
Tasc +1,39 / Genius +1,31} 39. Nf4 Nxf4 40. Rxf4 Rc2 41. Rf3 b3 42. Rg3 c3 43.
Bh6 Re7 44. Rb1 Rb2 45. Rc1 c2 46. Kh2 Rb1 47. Rxb3 Rxb3 48. Bxg7 Kxg7 {
Laut Analyse von Fruit 2.1. wäre hier Te2 !! noch wesentlich besser gewesen,
dann hätte der Tasc auch noch den F-Bauern kassiert und der Genius hätte am
Ende nur noch 2 Bauern für den Turm gehabt, in dieser Variante bleiben ihm
noch 3 Bauern, aber wahrscheinlich können die auch keinen Turm aufwiegen.} 49.
Rxc2 Rf7 {Stellungsbewertung Tasc an dieser Stelle: +2,81 / Genius
erstaunlicherweise nur -1,21} 50. f3 Rb8 51. Kh3 Rbf8 52. Rc5 Rf5 53. Rc7+ R8f7
54. Rc6 R5f6 55. Rc3 Rf8 56. Rc5 Rg8 57. Rg5+ Rg6 58. Rf5 Rd8 59. g4 Rf6 60.
Rxf6 Kxf6 61. f4 Rd3+ 62. Kg2 Kg6 63. h5+ Kh6 64. Kf2 Rc3 65. Kg2 Rc2+ 66. Kf3
Rc1 67. Kf2 Rb1 68. Ke2 Rb2+ 69. Kf3 Rb3+ 70. Kf2 Rd3 71. Kg2 Rc3 72. Kf2 Rb3
73. Kg2 Kh7 74. Kf2 Kg7 75. Kg2 Rb2+ 76. Kg3 Kf6 77. Kf3 Rb3+ 78. Kf2 Ke7 79.
Kg2 Ke6 80. Kf2 Kd5 81. h6 Ke4 82. g5 Kf5 83. Kg2 Rb2+ 84. Kg3 Rc2 85. Kh3 Rc3+
86. Kg2 Rd3 87. Kf2 Rh3 {An dieser Stelle hat der Tasc alle zur Verfügung
stehenden Möglichenkeiten durchprobiert und es gibt anscheinend tatsächlich
hier keinen Gewinnweg mehr, jedenfalls ich habe das auch noch durch den
Analysemodus von Fruit 2.1. bestätigen lassen, auch der sieht bei einer
Rechentiefe von 29 Halbzügen und insgesamt 1,73 Millarden Positionen keinen
Gewinnweg mehr, so gebe ich es hier Remis, Kurioses ENDSPIEL !!!} 1/2-1/2

[Event "Millennium CG Exclusive - Tasc R30 V2.5"]
[Site "Wien"]
[Date "2021.04.04"]
[Round "10"]
[White "Tasc R30 V2.5, aktiv"]
[Black "Millennium CG Exclusive"]
[Result "0-1"]
[WhiteElo "2335"]
[BlackElo "2402"]
[PlyCount "92"]
[EventDate "2021.??.??"]

1. e4 c5 2. Nf3 d6 3. c3 Nf6 4. Bc4 {Buchende Tasc} Nc6 5. d3 g6 {Buchende
Genius} 6. Be3 Bg7 7. Nbd2 O-O 8. O-O a6 9. d4 cxd4 10. Nxd4 Qc7 11. Nxc6 Qxc6
12. Qb3 {Hier wieder mal ein Bauernopfer vom Tasc, das in seinen Augen
eigentlich keines ist, denn er rechnet hier mit b5 als Anwort und nicht mit
Sxe4} Nxe4 13. Nxe4 Qxe4 14. Bd5 Qh4 15. Rae1 e6 16. g3 Qe7 17. Bg2 d5 18. Bd4
Bxd4 19. cxd4 Qd6 20. Rc1 Bd7 21. Rfe1 Rfc8 22. Qe3 Qb4 23. b3 Qa3 24. Qd2 b6
25. f4 Kh8 26. Bf1 Kg7 27. Be2 h6 28. Bf1 Be8 29. Be2 Bb5 30. Bxb5 axb5 31.
Rxc8 Rxc8 32. Kg2 Qa5 33. Rd1 Qxd2+ 34. Rxd2 {Hier gehen auch wieder die
Meinungen auseinander, Stellungsbewertung Tasc -0,44, / Genius +1,29.} Kf6 35.
h4 {hier kommt der Tasc ins Grübeln, Stellungsbewertung nach 12 Minuten -1,00.
Ein schlechter Zug an dieser Stelle vom Tasc, der dem Genius die Arbeit sehr
erleichtert.} Kf5 {Stellungsbewertung Genius +2,14} 36. Kh3 Ke4 37. h5 gxh5 38.
Kh4 Rc1 39. Rh2 Kf3 40. Kh3 Rg1 41. Kh4 b4 42. Kh3 Rxg3+ 43. Kh4 Kxf4 44. Kxh5
Ke3 45. Rh1 Kxd4 46. Kxh6 f5 {Userentscheidung an dieser Stelle: 0-1 
(Stellungsbewertungen Endposition: Tasc: -3,63 / Genius +5,85} 0-1

[Event "Millennium CG Exclusive - Tasc R30 V2.5"]
[Site "Wien"]
[Date "????.??.??"]
[Round "11"]
[White "Millennium CG Exclusive"]
[Black "Tasc R30 V2.5, aktiv"]
[Result "1/2-1/2"]
[WhiteElo "2402"]
[BlackElo "2335"]
[PlyCount "90"]
[EventDate "2021.??.??"]

1. d4 f5 {Buchende Tasc} 2. Bg5 h6 3. Bh4 g5 4. e3 {Buchende Genius} Bg7 5. Bg3
Nf6 6. Nc3 d5 7. Nf3 Be6 8. Be2 Nc6 9. Nb5 Rc8 10. O-O a6 11. Nc3 Nd7 12. Qd3
O-O 13. Nb1 f4 14. exf4 gxf4 15. Bh4 Nb6 16. c3 Bf5 17. Qd1 Qd6 18. Bd3 Bg4 19.
h3 Bxf3 20. Qxf3 e5 21. Bc2 Nc4 22. b3 Nb6 23. dxe5 Nxe5 24. Qh5 Rce8 25. Bf5
Rf7 26. Rd1 Ref8 {An dieser Stelle sieht sich der Tasc mit +1,08 im Vorteil /
Genius: +0,18} 27. Bc2 f3 28. g4 Re8 29. Bg3 Nbd7 30. Re1 Rfe7 31. Re3 b5 32.
Qf5 Bf6 33. Bf4 {Nach diesem Zug entstheht eine ungewöhnliche
Abtauschvariante, bei der Der Tasc die Dame + Springer gegen Turm +
Läuferpaar erhält, rein von der Theorie 1 Punkt Vorsprung für den Tasc.} Bg5
34. Bxg5 Rf7 35. Bf4 Rxf5 36. Bxf5 d4 {die Beiden bewerten diese Stellung
trotzdem nur knapp für Schwarz, nach diesem Zug Tasc +0,25 / Genius: +0,14 
(laut Analyse von Fruit 2.1 ist hier aber Schwarz bei einer Rechentiefe von 18
Halzügen klar mit +1,29 im Vorteil.} 37. Re4 dxc3 38. Nxc3 Nf6 39. Re3 Qd4 40.
Bg3 Nc6 41. Rxf3 {An dieser Stelle bekommt der Genius einen Bauern, das
Material von der Theorie her an dieser Stelle wieder ausgeglichen.} Qc5 42. Rd3
Nb4 43. Rf3 Nc6 44. Rd3 Nb4 45. Rf3 Nc6 {An dieser Stelle lenken beide in ein
Remis durch 3x Stellungswiederholung ein, finde ich schade diese
ungewöhnliche Interessante Stellung mit Chancen für beide Seiten hätte ich
gerne noch fortgeführt, aber kann man nichts machen, die beiden wollen es
eben anders.} 1/2-1/2

[Event "Millennium CG Exclusive - Tasc R30 V2.5"]
[Site "Wien"]
[Date "????.??.??"]
[Round "12"]
[White "Tasc R30 V2.5, aktiv"]
[Black "Millennium CG Exclusive"]
[Result "0-1"]
[WhiteElo "2335"]
[BlackElo "2402"]
[PlyCount "127"]
[EventDate "2021.??.??"]

1. d4 {Buchende Tasc} d6 2. e4 Nf6 3. Nc3 {Tasc zurück im Buch} c6 4. f4 {
Buchende Tasc} d5 {Buchende Genius} 5. e5 Ng4 {Wieder wird mit kleinem Buch
gespielt (Genius 4 Züge, Tasc 3 Züge), diese Eröffnung gefällt mir
persönlich gar nicht für Schwarz meiner Meinung nach steht hier Weiss
bereits klar besser. Stellungsbewertung Tasc +0,78 / Genius: -0,40} 6. Bd3 Nh6
7. Nf3 Bf5 8. Bxf5 Nxf5 9. g4 Nh6 10. h3 g6 11. Be3 {Tasc: +1,10 / Genius: -0,
53} Bg7 12. Qe2 Nd7 13. O-O-O e6 14. Kb1 Nb6 15. Bf2 Nc4 16. b3 {Tasc +1,47 /
Genius: -0,31} Qb6 17. a4 {Immer weiter gehen hier die Meinungen auseinander:
Tasc: +1,57 / Genius: -0,15} O-O 18. Ka1 {Tasc: +1,82 / Genius: -0,18} Na3 19.
f5 Rfc8 20. f6 Bf8 21. Be3 c5 {Der Genius wird hier optimistischer: +0,25} 22.
dxc5 {Der Tasc teilt diese Meinung ganz und gar nicht, hier +2,44 !!} Bxc5 23.
Bxh6 {Tasc +1,55} Bb4 {Genius: +0,87} 24. Nxd5 {Tasc +0,47} Rxc2 25. Ne7+ Bxe7
26. Qd3 Bb4 27. Bd2 Rf8 28. Bxb4 Qxb4 29. Nd4 {nach diesem schwachen Zug kippt
die Partie jetzt doch einigermassen überraschend endgültig in Richtung des
Genius} Rc3 30. Qe2 Nc4 31. Rhe1 {Hier sieht der Tasc das Unheil kommen: -1,45}
Na5 {Genius +3,06} 32. Qf2 Nxb3+ 33. Nxb3 Rxb3 34. Re2 b6 35. Rc2 Ra3+ 36. Ra2
Qxa4 37. Rc1 Qa5 38. Rxa3 Qxa3+ 39. Kb1 Qd3+ 40. Qc2 Qxh3 41. Qd1 h5 42. gxh5
Qf5+ 43. Rc2 Rc8 44. hxg6 fxg6 45. Ka1 Rxc2 46. Qxc2 Qxe5+ 47. Ka2 Kf7 48. Qc8
Qd5+ 49. Kb2 Qb5+ 50. Ka2 Qa4+ 51. Kb1 Qb3+ 52. Kc1 Qa3+ 53. Kb1 Kxf6 54. Qh8+
Kf5 55. Qd4 Qf3 56. Qd7 Qe4+ 57. Kb2 a5 58. Qf7+ Kg4 59. Qf1 g5 60. Ka1 Qd4+
61. Kb1 e5 62. Qg2+ Kf5 63. Qf3+ Qf4 64. Qh5 {Userentscheidung an dieser
Stelle: 0-1 (Endbewertung Tasc: -7,05 / Genius +5,76). Sicher könnte man sich
noch ein paar Schachgebote von Weiss ansehen, aber das Ende ist doch
unvermeidlich an dieser Stelle.} 0-1

[Event "Millennium CG Exclusive - Tasc R30 V2.5"]
[Site "Wien"]
[Date "????.??.??"]
[Round "13"]
[White "Millennium CG Exclusive"]
[Black "Tasc R30 V2.5, aktiv"]
[Result "1-0"]
[WhiteElo "2402"]
[BlackElo "2335"]
[PlyCount "122"]
[EventDate "2021.??.??"]

1. e4 e5 2. Nc3 Nf6 3. g3 Bc5 4. Bg2 O-O {Buchende Tasc} 5. Nf3 {Buchende
Genius} d5 6. exd5 e4 7. Ng1 Re8 8. Nge2 Bg4 9. d4 Bb4 10. Bg5 Nbd7 11. h3 Bf3
12. O-O h6 13. Bxf6 Nxf6 14. Bxf3 exf3 15. Nf4 g5 16. Nd3 Bxc3 17. bxc3 Qxd5
18. Ne5 Rad8 19. Re1 Nd7 20. c4 Qe6 21. Ng4 Qd6 22. Qxf3 h5 23. Rxe8+ Rxe8 24.
Ne3 Qxd4 25. Rd1 {Für diesen eigentlich selbstverständlich aussehenden Zug
nimmt sich der Genius 19 Minuten !! Bedenkzeit, erreicht eine Rechentiefe von
11 Halbzügen und eine Bewertung von +1,34} Qf6 26. Qxb7 Qb6 27. Rb1 Qd6 28.
Qxa7 h4 29. Rd1 Qc6 30. Nd5 hxg3 31. fxg3 Qe6 32. Qf2 Qxh3 33. Nxc7 Re4 34. c5
Ne5 35. Nd5 Rh4 {An dieser Stelle hätte der Tasc wahrscheinlich das Remis
schon sicher gehabt nach 35.Kg7 !!, jedenfalls ergab das eine Analyse von
Fruit 2.1. bei Rechentiefe 17 HZ.} 36. Qg2 Qxg2+ 37. Kxg2 Rc4 38. Ne3 Rxc5 39.
Rd5 Rxd5 40. Nxd5 Kf8 41. Kf2 Ke8 42. Nf6+ Ke7 43. Ne4 g4 44. Ke3 Ke6 45. a4
Nc6 46. Ng5+ Ke7 47. Kf4 f6 48. Ne4 Ke6 49. Nf2 f5 50. Nd1 Kf6 51. Nc3 Nb4 52.
a5 Kg6 53. Nb5 Nd5+ 54. Ke5 f4 55. gxf4 g3 56. Nd4 g2 57. Ne2 Nb4 58. Ke4 Kf6
59. Kf3 Nxc2 60. a6 Nd4+ 61. Kxg2 Nb5 {Userentscheid an dieser Stelle: 1-0 
(Endbewertungen: Tasc: -3,46 / Genius: +3.54.} 1-0

[Event "Millennium CG Exclusive - Tasc R30 V2.5"]
[Site "Wien"]
[Date "????.??.??"]
[Round "14"]
[White "Tasc R30 V2.5, aktiv"]
[Black "Millennium CG Exclusive"]
[Result "1-0"]
[WhiteElo "2335"]
[BlackElo "2402"]
[PlyCount "77"]
[EventDate "2021.??.??"]

1. b3 e5 2. Bb2 {Buchende Tasc} d6 3. e4 Nf6 {Buchende Genius} 4. Nc3 Nc6 5.
Nf3 Be7 6. Bb5 Bg4 7. h3 Bh5 8. g4 Bg6 9. Qe2 O-O 10. Bxc6 bxc6 11. O-O-O Qd7
12. d4 exd4 13. Rxd4 c5 14. Ra4 c6 15. Rd1 Rfb8 {An dieser Stelle nimmt sich
der Genius 12 Minuten für diesen Zug und kommt auf eine Bewertung von -0,37}
16. e5 {Tasc +0,66} Nd5 17. Qd2 {warum der Tasc hier nicht auf d5 schlägt
habe ich nicht verstanden} Nb6 18. exd6 Nxa4 19. Nxa4 {der Tasc bekommt aber
hier für die Qualität reichlich Kompensation und steht hier klar besser, er
hat 2 Bauern und noch dazu den weit vorgerückten Freibauern,
Stellungsbewertung Tasc: +1,85} Bf6 {Das ist meiner Meinung nach ein ganz
schlechter Zug vom Genius, der sich hier aber trotzdem mit nur -0,78 bewertet 
(mir hätte hier 19. LF8 besser gefallen. (Lt. Analyse von Fruit 2.1. nach 17
Halbzügen ist hier Weiss bereits mit +3,02 im Vorteil} 20. Bxf6 gxf6 21. Nxc5
{Tasc +1,90} Qd8 {Genius: -2,00} 22. d7 a5 23. Qf4 Qe7 24. Rd6 Rb5 25. Qd4 Rd8
26. Rxc6 a4 27. bxa4 Rbb8 28. Kd2 f5 29. a5 fxg4 30. hxg4 Qf8 31. Rb6 Rbc8 32.
Nb7 Rxc2+ 33. Kd1 Qa3 34. Rxg6+ hxg6 35. Kxc2 Qxa2+ 36. Kc3 Qa1+ 37. Kc4 Qxd4+
38. Nxd4 Rxd7 39. a6 {Userentscheid: 1-0} 1-0